[Event "DEN-ch"]
[Site "Taastrup"]
[Date "1998.04.10"]
[Round "7"]
[White "Borge, Nikolaj"]
[Black "Nielsen, Peter Heine"]
[Result "0-1"]
[WhiteElo "2390"]
[BlackElo "2505"]
[PlyCount "102"]
[EventDate "1998.04.04"]
[EventType "tourn"]
[EventRounds "9"]
[EventCountry "DEN"]
[EventCategory "9"]
[Source "ChessBase"]
[SourceDate "1998.08.06"]

1. e4 e6 2. d4 d5 3. Nd2 c5 4. exd5 exd5 5. Ngf3 Nf6 6. Bb5+ Bd7 7. Bxd7+ Nbxd7
8. O-O Be7 9. dxc5 Nxc5 10. Nb3 Nce4 11. Nfd4 Qd7 12. Qf3 O-O 13. Nf5 Bd8 14.
Nbd4 Bb6 15. Rd1 g6 16. Nh6+ Kg7 17. h3 Rac8 18. c3 Rfe8 19. Be3 Nd6 20. Nc2
Nc4 21. Bxb6 axb6 22. Ng4 Nxg4 23. hxg4 Rcd8 24. Rd4 Ne5 25. Qg3 Nc6 26. Rd2
Re5 27. Rad1 Qe6 28. Ne3 h5 29. g5 Re4 30. Qf3 Ne7 31. Rd4 Rxd4 32. Rxd4 Qe5
33. Qf4 Qxf4 34. Rxf4 Nc6 35. Nc2 Re8 36. Kf1 Re5 37. Ne3 Rxg5 38. Ke2 Re5 39.
b4 g5 40. Rf5 Rxf5 41. Nxf5+ Kf6 42. Nd6 Ke6 43. Nb5 d4 44. a3 dxc3 45. Nxc3
Ne7 46. Ne4 f6 47. f3 Ke5 48. Kd3 h4 49. Kc4 g4 50. Nd2 h3 51. fxg4 hxg2 0-1

[Event "DEN-ch"]
[Site "Taastrup"]
[Date "1998.04.08"]
[Round "5"]
[White "Borge, Nikolaj"]
[Black "Schandorff, Lars"]
[Result "1/2-1/2"]
[WhiteElo "2390"]
[BlackElo "2525"]
[PlyCount "24"]
[EventDate "1998.04.04"]
[EventType "tourn"]
[EventRounds "9"]
[EventCountry "DEN"]
[EventCategory "9"]
[Source "ChessBase"]
[SourceDate "1998.08.06"]

1. e4 c5 2. Nf3 Nc6 3. Bb5 e6 4. O-O Nge7 5. b3 Ng6 6. Bb2 f6 7. Re1 Be7 8. d4
cxd4 9. Nxd4 Bc5 10. Nxc6 dxc6 11. Qxd8+ Kxd8 12. Bf1 Kc7 1/2-1/2

[Event "DEN-ch"]
[Site "Taastrup"]
[Date "1998.04.06"]
[Round "3"]
[White "Borge, Nikolaj"]
[Black "Hansen, Sune Berg"]
[Result "1/2-1/2"]
[WhiteElo "2390"]
[BlackElo "2480"]
[PlyCount "30"]
[EventDate "1998.04.04"]
[EventType "tourn"]
[EventRounds "9"]
[EventCountry "DEN"]
[EventCategory "9"]
[Source "ChessBase"]
[SourceDate "1998.08.06"]

1. e4 c5 2. Nf3 Nc6 3. d4 cxd4 4. Nxd4 Nf6 5. Nc3 e5 6. Ndb5 d6 7. Bg5 a6 8.
Na3 b5 9. Nd5 Be7 10. Bxf6 Bxf6 11. c3 O-O 12. Nc2 Bg5 13. a4 bxa4 14. Rxa4 a5
15. Bc4 Rb8 1/2-1/2

[Event "DEN-ch"]
[Site "Taastrup"]
[Date "1998.04.11"]
[Round "8"]
[White "Borge, Nikolaj"]
[Black "Hansen, Curt"]
[Result "0-1"]
[WhiteElo "2390"]
[BlackElo "2595"]
[PlyCount "56"]
[EventDate "1998.04.04"]
[EventType "tourn"]
[EventRounds "9"]
[EventCountry "DEN"]
[EventCategory "9"]
[Source "ChessBase"]
[SourceDate "1998.08.06"]

1. e4 e6 2. d4 d5 3. Nd2 c5 4. exd5 Qxd5 5. Ngf3 cxd4 6. Bc4 Qd6 7. O-O Nf6 8.
Nb3 Nc6 9. Nbxd4 Nxd4 10. Nxd4 a6 11. Re1 Qc7 12. Bb3 Bd7 13. c3 Bd6 14. h3
O-O-O 15. Qe2 Kb8 16. a4 Rhg8 17. Be3 g5 18. Ra2 g4 19. h4 g3 20. f3 e5 21. Nc2
Be6 22. Bxe6 fxe6 23. c4 Nh5 24. b4 Qe7 25. c5 Bc7 26. Bg5 Rxg5 27. hxg5 Nf4
28. Qe4 Rd2 0-1

[Event "DEN-ch"]
[Site "Taastrup"]
[Date "1998.04.04"]
[Round "1"]
[White "Borge, Nikolaj"]
[Black "Sahl, Bjarke"]
[Result "1-0"]
[WhiteElo "2390"]
[BlackElo "2430"]
[PlyCount "71"]
[EventDate "1998.04.04"]
[EventType "tourn"]
[EventRounds "9"]
[EventCountry "DEN"]
[EventCategory "9"]
[Source "ChessBase"]
[SourceDate "1998.08.06"]

1. e4 d6 2. d4 Nf6 3. Nc3 g6 4. Be3 Bg7 5. Qd2 Nc6 6. h3 e5 7. d5 Ne7 8. g4 h5
9. g5 Nh7 10. Bb5+ Bd7 11. Bxd7+ Qxd7 12. h4 c5 13. O-O-O b5 14. Nce2 b4 15.
Qd3 O-O 16. Nf3 f5 17. gxf6 Nxf6 18. Ng5 Ng4 19. Ne6 Rf6 20. Rdf1 Rc8 21. c4
bxc3 22. Nxc3 Rb8 23. Qe2 Qb7 24. Bg5 Rf7 25. f3 Nf6 26. Kb1 Kh7 27. Bc1 Kh8
28. Rhg1 Nfg8 29. f4 exf4 30. Nxg7 Kxg7 31. Qxh5 Nf6 32. Qf3 Nd7 33. h5 Ne5 34.
Qh3 Rh8 35. Bxf4 Nc4 36. b3 1-0

[Event "DEN-ch"]
[Site "Taastrup"]
[Date "1998.04.04"]
[Round "1"]
[White "Hansen, Curt"]
[Black "Mortensen, Erling"]
[Result "1-0"]
[WhiteElo "2595"]
[BlackElo "2510"]
[PlyCount "87"]
[EventDate "1998.04.04"]
[EventType "tourn"]
[EventRounds "9"]
[EventCountry "DEN"]
[EventCategory "9"]
[Source "ChessBase"]
[SourceDate "1998.08.06"]

1. Nf3 Nf6 2. c4 g6 3. Nc3 Bg7 4. g3 O-O 5. Bg2 c6 6. d4 d6 7. O-O Qa5 8. e4
Bg4 9. h3 Bxf3 10. Bxf3 Nfd7 11. Rb1 a6 12. b4 Qd8 13. Be3 b5 14. Be2 bxc4 15.
Bxc4 Nb6 16. Be2 N8d7 17. Qb3 a5 18. a3 axb4 19. axb4 e6 20. Rfc1 Qe7 21. d5
exd5 22. exd5 c5 23. bxc5 dxc5 24. Nb5 Qe4 25. d6 Ra4 26. Qd1 Rb4 27. Bf3 Qf5
28. Bg4 Qe5 29. Nc7 h5 30. Be2 Qe4 31. Bf3 Qf5 32. Rxb4 cxb4 33. Bg2 Bc3 34.
Bd4 Bxd4 35. Qxd4 b3 36. Qc3 Qe5 37. Qxb3 Qxd6 38. Rc6 Qd4 39. Rxg6+ Kh7 40.
Rg5 Kh6 41. Rf5 Kg6 42. Qb1 Kg7 43. Rg5+ Kf6 44. Rxh5 1-0

[Event "DEN-ch"]
[Site "Taastrup"]
[Date "1998.04.10"]
[Round "7"]
[White "Hansen, Curt"]
[Black "Hoi, Carsten"]
[Result "1-0"]
[WhiteElo "2595"]
[BlackElo "2430"]
[PlyCount "49"]
[EventDate "1998.04.04"]
[EventType "tourn"]
[EventRounds "9"]
[EventCountry "DEN"]
[EventCategory "9"]
[Source "ChessBase"]
[SourceDate "1998.08.06"]

1. e4 g6 2. d4 Bg7 3. Nc3 d6 4. f4 Nf6 5. Nf3 O-O 6. Bd3 Nbd7 7. e5 Ne8 8. Ng5
dxe5 9. fxe5 Nb6 10. Be3 c6 11. O-O Nc7 12. Nxh7 Nbd5 13. Nxd5 Nxd5 14. Bg5
Kxh7 15. Rxf7 Rxf7 16. Qh5+ Kg8 17. Bxg6 Nf4 18. Bxf7+ Kf8 19. Qh7 Qxd4+ 20.
Kh1 Kxf7 21. Rf1 Qxe5 22. Rxf4+ Ke8 23. Qg6+ Kd8 24. Re4 Qd5 25. Rxe7 1-0

[Event "DEN-ch"]
[Site "Taastrup"]
[Date "1998.04.12"]
[Round "9"]
[White "Hansen, Curt"]
[Black "Nielsen, Peter Heine"]
[Result "1/2-1/2"]
[WhiteElo "2595"]
[BlackElo "2505"]
[PlyCount "23"]
[EventDate "1998.04.04"]
[EventType "tourn"]
[EventRounds "9"]
[EventCountry "DEN"]
[EventCategory "9"]
[Source "ChessBase"]
[SourceDate "1998.08.06"]

1. e4 c5 2. Nf3 Nc6 3. d4 cxd4 4. Nxd4 g6 5. c4 Bg7 6. Be3 Nf6 7. Nc3 O-O 8.
Be2 d6 9. O-O Bd7 10. Qd2 Nxd4 11. Bxd4 Bc6 12. f3 1/2-1/2

[Event "DEN-ch"]
[Site "Taastrup"]
[Date "1998.04.08"]
[Round "5"]
[White "Hansen, Curt"]
[Black "Holst, Allan"]
[Result "1/2-1/2"]
[WhiteElo "2595"]
[BlackElo "2365"]
[PlyCount "59"]
[EventDate "1998.04.04"]
[EventType "tourn"]
[EventRounds "9"]
[EventCountry "DEN"]
[EventCategory "9"]
[Source "ChessBase"]
[SourceDate "1998.08.06"]

1. c4 c5 2. Nf3 g6 3. d4 cxd4 4. Nxd4 Bg7 5. e4 Nc6 6. Be3 Nf6 7. Nc3 d6 8. Be2
O-O 9. O-O Bd7 10. Nb3 a5 11. Nd2 Bc8 12. Rc1 Nd7 13. Nb3 a4 14. Nd4 Nxd4 15.
Bxd4 Bxd4 16. Qxd4 b6 17. Bg4 Nc5 18. Bxc8 Rxc8 19. Rfd1 f6 20. Qe3 Re8 21. h3
Ra8 22. f4 Qb8 23. Nb5 Rc8 24. h4 Kf7 25. Rd5 Nd7 26. Qh3 Nf8 27. e5 dxe5 28.
fxe5 f5 29. h5 Rc5 30. Qf3 1/2-1/2

[Event "DEN-ch"]
[Site "Taastrup"]
[Date "1998.04.07"]
[Round "4"]
[White "Hansen, Sune Berg"]
[Black "Hansen, Curt"]
[Result "0-1"]
[WhiteElo "2480"]
[BlackElo "2595"]
[PlyCount "80"]
[EventDate "1998.04.04"]
[EventType "tourn"]
[EventRounds "9"]
[EventCountry "DEN"]
[EventCategory "9"]
[Source "ChessBase"]
[SourceDate "1998.08.06"]

1. e4 e6 2. d4 d5 3. Nd2 c5 4. exd5 Qxd5 5. Ngf3 cxd4 6. Bc4 Qd6 7. O-O Nf6 8.
Nb3 Nc6 9. Nbxd4 Nxd4 10. Nxd4 a6 11. Re1 Qc7 12. Bb3 Bd7 13. Qe2 Bd6 14. h3
O-O 15. c3 e5 16. Nf3 e4 17. Nd4 Qa5 18. f4 Qc7 19. Rf1 Rad8 20. Be3 Bc5 21.
Rad1 Rfe8 22. Rd2 Bb5 23. c4 Bd7 24. Nc2 Be6 25. Rxd8 Rxd8 26. f5 Bc8 27. Qf2
Bxe3 28. Nxe3 Qe5 29. Re1 h5 30. Re2 Rd6 31. Kh1 Bd7 32. g4 hxg4 33. hxg4 Rd3
34. Kg2 g5 35. fxg6 fxg6 36. Qh4 Kg7 37. g5 Nh5 38. Nd5 Rg3+ 39. Kf1 Bh3+ 40.
Ke1 Rg1+ 0-1

[Event "DEN-ch"]
[Site "Taastrup"]
[Date "1998.04.09"]
[Round "6"]
[White "Hansen, Sune Berg"]
[Black "Sahl, Bjarke"]
[Result "1-0"]
[WhiteElo "2480"]
[BlackElo "2430"]
[PlyCount "63"]
[EventDate "1998.04.04"]
[EventType "tourn"]
[EventRounds "9"]
[EventCountry "DEN"]
[EventCategory "9"]
[Source "ChessBase"]
[SourceDate "1998.08.06"]

1. e4 c5 2. Nf3 e6 3. d4 cxd4 4. Nxd4 Nf6 5. Nc3 Bb4 6. e5 Nd5 7. Bd2 Nxc3 8.
bxc3 Be7 9. Qg4 O-O 10. Bh6 g6 11. h4 Qa5 12. Qg3 d6 13. Nb5 Nc6 14. h5 Nxe5
15. f4 Bd7 16. fxe5 Bxb5 17. Bxb5 Qxb5 18. Bxf8 Rxf8 19. exd6 Bg5 20. Rd1 h6
21. d7 Qf5 22. Rd3 Rd8 23. hxg6 Qe4+ 24. Kf2 f5 25. Qf3 Qa4 26. Qe2 Qf4+ 27.
Rf3 Qd6 28. Rd1 Qe7 29. Rfd3 Kg7 30. Re1 Rxd7 31. Rxd7 Qxd7 32. Qxe6 1-0

[Event "DEN-ch"]
[Site "Taastrup"]
[Date "1998.04.05"]
[Round "2"]
[White "Hansen, Sune Berg"]
[Black "Hoi, Carsten"]
[Result "1-0"]
[WhiteElo "2480"]
[BlackElo "2430"]
[PlyCount "99"]
[EventDate "1998.04.04"]
[EventType "tourn"]
[EventRounds "9"]
[EventCountry "DEN"]
[EventCategory "9"]
[Source "ChessBase"]
[SourceDate "1998.08.06"]

1. e4 d6 2. d4 Nf6 3. Bd3 e5 4. c3 Be7 5. Nf3 Nbd7 6. O-O O-O 7. Re1 c6 8. Nbd2
Re8 9. a4 a5 10. b3 Qc7 11. Qc2 b6 12. Bb2 Bb7 13. h3 Bf8 14. b4 g6 15. dxe5
dxe5 16. Qb3 Bh6 17. Nc4 c5 18. bxa5 bxa5 19. Qc2 Ba6 20. Rad1 Red8 21. Bf1
Bxc4 22. Bxc4 Nb6 23. Bb5 c4 24. Ba3 Bf8 25. Bc1 Nfd7 26. Be3 Nc5 27. Nd2 Nd3
28. Bxb6 Qxb6 29. Rf1 Qf6 30. Nxc4 Nf4 31. Kh2 h5 32. Rxd8 Rxd8 33. Rd1 Rxd1
34. Qxd1 Bc5 35. Qf3 h4 36. Nxa5 Qd8 37. Nc4 Nd3 38. Ne3 Nxf2 39. Bc4 Bxe3 40.
Qxe3 Nd1 41. Qf3 Qc7 42. Bb3 Nxc3 43. Qf6 Kf8 44. Qh8+ Ke7 45. Qxh4+ Kf8 46.
Qh8+ Ke7 47. Qg7 Nxe4 48. Qxf7+ Kd8 49. Qg8+ Ke7 50. Qxg6 {Yudasin} 1-0

[Event "DEN-ch"]
[Site "Taastrup"]
[Date "1998.04.12"]
[Round "9"]
[White "Hansen, Sune Berg"]
[Black "Holst, Allan"]
[Result "1-0"]
[WhiteElo "2480"]
[BlackElo "2365"]
[PlyCount "77"]
[EventDate "1998.04.04"]
[EventType "tourn"]
[EventRounds "9"]
[EventCountry "DEN"]
[EventCategory "9"]
[Source "ChessBase"]
[SourceDate "1998.08.06"]

1. e4 c5 2. Nf3 g6 3. d4 cxd4 4. Nxd4 Bg7 5. Nc3 Nc6 6. Be3 Nf6 7. Bc4 O-O 8.
O-O d6 9. h3 Bd7 10. Bb3 a5 11. a4 Nxd4 12. Bxd4 Be6 13. Bd5 Nd7 14. Bxg7 Kxg7
15. Bxb7 Rb8 16. Bd5 Rxb2 17. Nb5 Qb6 18. Qc1 Rb4 19. c3 Rc4 20. Bxc4 Bxc4 21.
Re1 Rc8 22. Qd2 f6 23. Rab1 Nc5 24. Nd4 Qa7 25. Qe3 Qd7 26. Ra1 Rb8 27. Red1
Qe8 28. f4 Nxa4 29. e5 Nb2 30. Rd2 Bg8 31. exf6+ Kxf6 32. Qg3 h6 33. Re2 Bc4
34. Re3 e6 35. Rxa5 Rb7 36. Qh4+ Kg7 37. f5 g5 38. f6+ Kxf6 39. Qxh6+ 1-0

[Event "DEN-ch"]
[Site "Taastrup"]
[Date "1998.04.08"]
[Round "5"]
[White "Hoi, Carsten"]
[Black "Nielsen, Peter Heine"]
[Result "0-1"]
[WhiteElo "2430"]
[BlackElo "2505"]
[PlyCount "118"]
[EventDate "1998.04.04"]
[EventType "tourn"]
[EventRounds "9"]
[EventCountry "DEN"]
[EventCategory "9"]
[Source "ChessBase"]
[SourceDate "1998.08.06"]

1. d4 Nf6 2. Nf3 d5 3. c4 e6 4. Nc3 Bb4 5. e3 O-O 6. Bd2 c5 7. cxd5 cxd4 8.
Nxd4 Nxd5 9. Rc1 Nf6 10. Be2 e5 11. Nb3 Nc6 12. O-O Be6 13. Qc2 Rc8 14. Rfd1
Qe7 15. Be1 g6 16. a3 Bxc3 17. Bxc3 Nd5 18. Ra1 Rc7 19. Bf3 Nxc3 20. bxc3 Rfc8
21. g3 Nb8 22. Nd2 Rxc3 23. Qb2 Nd7 24. Qxb7 R8c7 25. Qb4 Nf6 26. Qxe7 Rxe7 27.
Ne4 Nxe4 28. Bxe4 Bb3 29. Rd6 Re6 30. Rxe6 Bxe6 31. Kf1 f5 32. Bg2 a5 33. Ke1
Rc2 34. Bf3 Rb2 35. Bd1 Bb3 36. Bxb3+ Rxb3 37. Ra2 a4 38. Ke2 Kf7 39. h4 Ke6
40. Kf3 h5 41. Ke2 Kd5 42. f3 e4 43. Rd2+ Ke5 44. Ra2 Rd3 45. Ra1 Kd5 46. Ra2
Kc4 47. fxe4 fxe4 48. Rc2+ Kb5 49. Rb2+ Rb3 50. Ra2 Kc4 51. Rc2+ Kd5 52. Ra2
Ke5 53. Rc2 Rxa3 54. Rc5+ Kd6 55. Rg5 Ra2+ 56. Kd1 a3 57. Rxg6+ Kc5 58. Kc1 Re2
59. Rg5+ Kc4 0-1

[Event "DEN-ch"]
[Site "Taastrup"]
[Date "1998.04.09"]
[Round "6"]
[White "Hoi, Carsten"]
[Black "Borge, Nikolaj"]
[Result "1/2-1/2"]
[WhiteElo "2430"]
[BlackElo "2390"]
[PlyCount "84"]
[EventDate "1998.04.04"]
[EventType "tourn"]
[EventRounds "9"]
[EventCountry "DEN"]
[EventCategory "9"]
[Source "ChessBase"]
[SourceDate "1998.08.06"]

1. d4 Nf6 2. c4 g6 3. Nc3 d5 4. Nf3 Bg7 5. cxd5 Nxd5 6. e4 Nxc3 7. bxc3 c5 8.
Be3 Qa5 9. Qd2 Nc6 10. Rc1 cxd4 11. cxd4 Qxd2+ 12. Kxd2 O-O 13. Bb5 f5 14. exf5
Bxf5 15. Bxc6 bxc6 16. Rxc6 Rfb8 17. Ra1 Rb7 18. a4 Be4 19. Rc5 Rd8 20. Kc3 e6
21. Rc1 a6 22. Kd2 Bxf3 23. Rc8 Rbd7 24. gxf3 Bxd4 25. Rxd8+ Rxd8 26. Rc6 Be5+
27. Ke2 Rd6 28. Rc8+ Kf7 29. f4 Bf6 30. Rc7+ Kg8 31. Kf3 h5 32. Ra7 Bc3 33. Rc7
Bf6 34. Ke4 Rd5 35. Bb6 a5 36. Rc8+ Kf7 37. Rc7+ Ke8 38. Rc8+ Kf7 39. Rc7+ Ke8
40. Ra7 Bc3 41. Rc7 Bf6 42. Ra7 Bc3 1/2-1/2

[Event "DEN-ch"]
[Site "Taastrup"]
[Date "1998.04.11"]
[Round "8"]
[White "Hoi, Carsten"]
[Black "Mortensen, Erling"]
[Result "0-1"]
[WhiteElo "2430"]
[BlackElo "2510"]
[PlyCount "95"]
[EventDate "1998.04.04"]
[EventType "tourn"]
[EventRounds "9"]
[EventCountry "DEN"]
[EventCategory "9"]
[Source "ChessBase"]
[SourceDate "1998.08.06"]

1. d4 Nf6 2. Nf3 g6 3. Bg5 Bg7 4. Nbd2 O-O 5. e3 d6 6. Be2 c5 7. c3 cxd4 8.
cxd4 Nc6 9. O-O h6 10. Bh4 g5 11. Bg3 Nh5 12. Bc4 Nxg3 13. fxg3 d5 14. Bd3 f5
15. Kh1 Qd6 16. Rc1 e6 17. a3 Bd7 18. Nb3 b6 19. Nbd2 Bf6 20. Bb5 Ne7 21. Qa4
Bxb5 22. Qxb5 Rac8 23. Nb1 g4 24. Ng1 h5 25. Ne2 h4 26. gxh4 Bxh4 27. Nf4 Bg5
28. g3 Bxf4 29. gxf4 Kf7 30. Nc3 Rh8 31. Ne2 Qd8 32. Ng3 Ng6 33. Qe2 Nh4 34.
Rxc8 Qxc8 35. Rf2 Nf3 36. Qc2 Qd7 37. Qc1 Kg6 38. Qc2 Rc8 39. Qd1 Qc7 40. Nf1
Qc4 41. Kg2 Rh8 42. Qe2 Qc1 43. Rxf3 gxf3+ 44. Kxf3 Rc8 45. Qg2+ Kf7 46. Ng3
Rc2 47. Ne2 Qe1 48. b4 0-1

[Event "DEN-ch"]
[Site "Taastrup"]
[Date "1998.04.06"]
[Round "3"]
[White "Hoi, Carsten"]
[Black "Holst, Allan"]
[Result "0-1"]
[WhiteElo "2430"]
[BlackElo "2365"]
[PlyCount "80"]
[EventDate "1998.04.04"]
[EventType "tourn"]
[EventRounds "9"]
[EventCountry "DEN"]
[EventCategory "9"]
[Source "ChessBase"]
[SourceDate "1998.08.06"]

1. d4 Nf6 2. Nf3 d5 3. c4 e6 4. Nc3 Be7 5. Bg5 O-O 6. e3 Nbd7 7. Bd3 dxc4 8.
Bxc4 c5 9. O-O cxd4 10. exd4 Nb6 11. Bb3 Bd7 12. Ne5 Nfd5 13. Bxe7 Nxe7 14. Qf3
Nc6 15. Rfd1 Nxe5 16. dxe5 Qc7 17. Qf4 Bc6 18. Rd3 Rfd8 19. Rg3 Qe7 20. h4 Rd7
21. h5 Kh8 22. Bc2 Rad8 23. Re1 Rd4 24. Be4 Nc4 25. Qc1 Bxe4 26. Nxe4 Nxe5 27.
h6 g6 28. Qc3 f6 29. Ng5 Rc4 30. Qb3 Rdc8 31. Rge3 R8c6 32. Qb5 Qc7 33. Qb3 Ng4
34. Rxe6 Rxe6 35. Nxe6 Qh2+ 36. Kf1 Qh1+ 37. Ke2 Re4+ 38. Kf3 Qxe1 39. Qxb7
Qe2+ 40. Kg3 Qxf2+ 0-1

[Event "DEN-ch"]
[Site "Taastrup"]
[Date "1998.04.11"]
[Round "8"]
[White "Holst, Allan"]
[Black "Larsen, Bent"]
[Result "1/2-1/2"]
[WhiteElo "2365"]
[BlackElo "2515"]
[PlyCount "116"]
[EventDate "1998.04.04"]
[EventType "tourn"]
[EventRounds "9"]
[EventCountry "DEN"]
[EventCategory "9"]
[Source "ChessBase"]
[SourceDate "1998.08.06"]

1. e4 c5 2. Nf3 e6 3. c4 Nc6 4. Nc3 Nf6 5. Be2 d5 6. e5 Ng4 7. cxd5 exd5 8. Bb5
d4 9. Bxc6+ bxc6 10. Na4 Qd5 11. O-O Be7 12. Re1 O-O 13. h3 Nh6 14. d3 Re8 15.
b3 Ba6 16. Bxh6 gxh6 17. Qd2 Bf8 18. Nb2 Re6 19. Qf4 Rae8 20. Re4 Bg7 21. Rae1
Rf8 22. Qh2 Kh8 23. R1e2 Rfe8 24. Qf4 R6e7 25. Kh2 Bb5 26. Qg3 Re6 27. Rg4 Rg6
28. Qf4 Ba6 29. Kh1 Bc8 30. Rg3 Rxg3 31. fxg3 f6 32. Nc4 fxe5 33. Ncxe5 Kg8 34.
g4 a5 35. Re4 a4 36. Nc4 Rf8 37. Qd2 axb3 38. axb3 Ba6 39. Qe2 h5 40. gxh5 Qxh5
41. Re7 Bc8 42. Nxd4 Qxe2 43. Nxe2 Bf5 44. Re3 Bg6 45. Na5 Rf1+ 46. Kh2 Bh6 47.
Re6 Bf8 48. Nxc6 Bxd3 49. Ng3 Rb1 50. Na5 Bc2 51. Rc6 Ra1 52. Nb7 Bxb3 53. Nxc5
Bd5 54. Rc7 Bd6 55. Rd7 Bxc5 56. Rxd5 Bg1+ 57. Kh1 Bb6+ 58. Kh2 Bg1+ 1/2-1/2

[Event "DEN-ch"]
[Site "Taastrup"]
[Date "1998.04.09"]
[Round "6"]
[White "Holst, Allan"]
[Black "Mortensen, Erling"]
[Result "0-1"]
[WhiteElo "2365"]
[BlackElo "2510"]
[PlyCount "88"]
[EventDate "1998.04.04"]
[EventType "tourn"]
[EventRounds "9"]
[EventCountry "DEN"]
[EventCategory "9"]
[Source "ChessBase"]
[SourceDate "1998.08.06"]

1. c4 g6 2. Nf3 Bg7 3. Nc3 d6 4. g3 e5 5. Bg2 Nd7 6. O-O Nh6 7. d4 O-O 8. e4 c6
9. Rb1 f5 10. dxe5 dxe5 11. b4 f4 12. c5 g5 13. h3 Nf7 14. Nd2 Nf6 15. Nc4 Be6
16. Qxd8 Rfxd8 17. Na5 Rd3 18. Bb2 fxg3 19. fxg3 Rxg3 20. Kh2 Rd3 21. Nxb7 g4
22. Rfd1 Rxd1 23. Rxd1 Bh6 24. Bc1 Bf4+ 25. Bxf4 exf4 26. hxg4 Nxg4+ 27. Kg1
Nfe5 28. Rd6 Bd7 29. Na5 f3 30. Bf1 Rf8 31. Nd1 h5 32. b5 h4 33. bxc6 Bc8 34.
c7 f2+ 35. Kh1 Rf3 36. Rd8+ Kg7 37. Rxc8 Rg3 38. Rg8+ Kxg8 39. c8=Q+ Kg7 40.
Bg2 h3 41. Qc7+ Kg6 42. Qd6+ Kh5 43. Nxf2 hxg2+ 44. Kg1 Nf3# 0-1

[Event "DEN-ch"]
[Site "Taastrup"]
[Date "1998.04.07"]
[Round "4"]
[White "Holst, Allan"]
[Black "Borge, Nikolaj"]
[Result "0-1"]
[WhiteElo "2365"]
[BlackElo "2390"]
[PlyCount "84"]
[EventDate "1998.04.04"]
[EventType "tourn"]
[EventRounds "9"]
[EventCountry "DEN"]
[EventCategory "9"]
[Source "ChessBase"]
[SourceDate "1998.08.06"]

1. c4 Nf6 2. Nc3 g6 3. e4 d6 4. d4 Bg7 5. Nf3 O-O 6. Be2 e5 7. d5 a5 8. Bg5 h6
9. Be3 Ng4 10. Bc1 f5 11. exf5 gxf5 12. g3 Na6 13. Nh4 Nc5 14. f4 exf4 15. Bxf4
Qe8 16. Qd2 Ne4 17. Nxe4 Qxe4 18. Nf3 Re8 19. h3 Qxf3 20. Rf1 Rxe2+ 21. Qxe2
Qxe2+ 22. Kxe2 Ne5 23. Rac1 b6 24. b3 Bd7 25. Kd2 a4 26. b4 a3 27. Rc2 Ra4 28.
Rb1 Ng6 29. Rb3 Kf7 30. Be3 Ne7 31. Bf4 h5 32. Ke1 Bb2 33. Kf2 Ra8 34. Rd3 Ng6
35. Rf3 Ne5 36. Bxe5 dxe5 37. c5 bxc5 38. bxc5 e4 39. Rf4 Be5 40. Rh4 Kg6 41.
g4 fxg4 42. hxg4 Bxg4 0-1

[Event "DEN-ch"]
[Site "Taastrup"]
[Date "1998.04.04"]
[Round "1"]
[White "Holst, Allan"]
[Black "Nielsen, Peter Heine"]
[Result "1/2-1/2"]
[WhiteElo "2365"]
[BlackElo "2505"]
[PlyCount "83"]
[EventDate "1998.04.04"]
[EventType "tourn"]
[EventRounds "9"]
[EventCountry "DEN"]
[EventCategory "9"]
[Source "ChessBase"]
[SourceDate "1998.08.06"]

1. c4 Nf6 2. Nf3 c5 3. Nc3 d5 4. cxd5 Nxd5 5. d4 Nxc3 6. bxc3 g6 7. e3 Bg7 8.
Be2 O-O 9. O-O b6 10. a4 Bb7 11. a5 Nd7 12. axb6 axb6 13. Bb2 Qc7 14. Qb3 Nf6
15. Nd2 e6 16. Bf3 Bxf3 17. Nxf3 Ne4 18. h3 Rfc8 19. Rfc1 Rxa1 20. Rxa1 Nd6 21.
Ra6 cxd4 22. cxd4 Nc4 23. Ba3 Nxa3 24. Qxa3 Bf8 25. Qb2 Qc1+ 26. Qxc1 Rxc1+ 27.
Kh2 Bd6+ 28. g3 Bc7 29. Ra7 Kf8 30. Kg2 Ke7 31. Ne5 f6 32. Nd3 Rc3 33. Nc5 bxc5
34. Rxc7+ Kd6 35. Rxh7 c4 36. Ra7 Rc1 37. Ra5 c3 38. Rc5 e5 39. Kf3 c2 40. g4
g5 41. Ke2 e4 42. Rc3 1/2-1/2

[Event "DEN-ch"]
[Site "Taastrup"]
[Date "1998.04.05"]
[Round "2"]
[White "Holst, Allan"]
[Black "Schandorff, Lars"]
[Result "1/2-1/2"]
[WhiteElo "2365"]
[BlackElo "2525"]
[PlyCount "52"]
[EventDate "1998.04.04"]
[EventType "tourn"]
[EventRounds "9"]
[EventCountry "DEN"]
[EventCategory "9"]
[Source "ChessBase"]
[SourceDate "1998.08.06"]

1. c4 Nf6 2. Nc3 c5 3. Nf3 Nc6 4. g3 b6 5. Bg2 Bb7 6. O-O e6 7. b3 Be7 8. Bb2
O-O 9. d4 Nxd4 10. Nxd4 Bxg2 11. Kxg2 cxd4 12. Qxd4 Qc7 13. Qd3 a6 14. Rfd1
Rfd8 15. Qf3 Rac8 16. Rd2 Qb8 17. Rad1 d6 18. Ba3 b5 19. cxb5 axb5 20. Bb4 Ne8
21. Rd3 Rd7 22. e4 Bf6 23. R1d2 Qb7 24. Ne2 Bg5 25. Rd1 Be7 26. a3 Rdc7 1/2-1/2

[Event "DEN-ch"]
[Site "Taastrup"]
[Date "1998.04.05"]
[Round "2"]
[White "Larsen, Bent"]
[Black "Borge, Nikolaj"]
[Result "1/2-1/2"]
[WhiteElo "2515"]
[BlackElo "2390"]
[PlyCount "85"]
[EventDate "1998.04.04"]
[EventType "tourn"]
[EventRounds "9"]
[EventCountry "DEN"]
[EventCategory "9"]
[Source "ChessBase"]
[SourceDate "1998.08.06"]

1. e4 c5 2. Nc3 d6 3. Nge2 g6 4. d4 cxd4 5. Nxd4 Bg7 6. Be3 Nc6 7. Be2 Nf6 8.
O-O O-O 9. Qd2 Bd7 10. Rad1 Rc8 11. f4 Na5 12. e5 Ng4 13. Nf3 dxe5 14. Bxa7 Bc6
15. Qxd8 Rcxd8 16. Bb6 Ra8 17. Nd2 h5 18. h3 Nh6 19. b4 exf4 20. Ndb1 e5 21.
bxa5 Nf5 22. Bf3 Ng3 23. Bxc6 bxc6 24. Rfe1 f5 25. Rd6 g5 26. Rxc6 e4 27. Nd5
h4 28. Nd2 Kh7 29. c4 Rf7 30. Nb3 f3 31. Rc7 Rxc7 32. Nxc7 Rb8 33. Bf2 Ne2+ 34.
Kf1 Be5 35. Ne6 Kg6 36. Rd1 Ng3+ 37. Bxg3 hxg3 38. Rd5 Bf6 39. a6 g4 40. Nf4+
Kg5 41. Ne6+ Kg6 42. Nf4+ Kg5 43. Ne6+ 1/2-1/2

[Event "DEN-ch"]
[Site "Taastrup"]
[Date "1998.04.07"]
[Round "4"]
[White "Larsen, Bent"]
[Black "Mortensen, Erling"]
[Result "1/2-1/2"]
[WhiteElo "2515"]
[BlackElo "2510"]
[PlyCount "55"]
[EventDate "1998.04.04"]
[EventType "tourn"]
[EventRounds "9"]
[EventCountry "DEN"]
[EventCategory "9"]
[Source "ChessBase"]
[SourceDate "1998.08.06"]

1. e4 c5 2. Nf3 e6 3. d4 cxd4 4. Nxd4 a6 5. Bd3 Nf6 6. O-O Qc7 7. Qe2 d6 8. c4
g6 9. b3 Bg7 10. Bb2 O-O 11. Nc3 Nbd7 12. Rac1 b6 13. Bb1 Bb7 14. Rfd1 Rad8 15.
Qe3 Qb8 16. h3 Qa8 17. Re1 Rfe8 18. Nf3 Nc5 19. b4 Ncd7 20. Rcd1 Qb8 21. a3 Rc8
22. Bd3 Bc6 23. Rd2 Ba8 24. Bf1 Rcd8 25. Red1 Bf8 26. Ba1 Qc7 27. Bb2 Qc8 28.
Ba1 1/2-1/2

[Event "DEN-ch"]
[Site "Taastrup"]
[Date "1998.04.12"]
[Round "9"]
[White "Larsen, Bent"]
[Black "Schandorff, Lars"]
[Result "1/2-1/2"]
[WhiteElo "2515"]
[BlackElo "2525"]
[PlyCount "34"]
[EventDate "1998.04.04"]
[EventType "tourn"]
[EventRounds "9"]
[EventCountry "DEN"]
[EventCategory "9"]
[Source "ChessBase"]
[SourceDate "1998.08.06"]

1. e4 c5 2. Nf3 Nc6 3. Bb5 e6 4. O-O Nge7 5. Re1 Nd4 6. Bf1 Nec6 7. Nxd4 cxd4
8. d3 Be7 9. Nd2 O-O 10. f4 d5 11. Nf3 dxe4 12. dxe4 Bb4 13. Bd2 Bxd2 14. Qxd2
Qb6 15. Rab1 d3+ 16. Kh1 dxc2 17. Qxc2 Bd7 1/2-1/2